[Event "VIII MIEDZYNARODOWY TURNIEJ SZACHOWY - GORA SW. ANNY - Open B"]
[Site "GORA SW. ANNY"]
[Date "1899-12-30"]
[Round "7.1"]
[White "Smal, Tobiasz"]
[Black "Krawiecki, Stanislaw"]
[Result "0-1"]
[WhiteTitle "I++"]
[BlackTitle "I"]
[WhiteElo "1994"]
[BlackElo "1814"]

1. e4 e5 2. Nf3 Nc6 3. Bc4 Nf6 4. Ng5 d5 5. exd5 Nd4 6. c3 b5 7. cxd4 bxc4 8. dxe5
Qxd5 9. exf6 Qxg5 10. O-O Bb7 11. Qa4+ Kd8 12. f3 Qc5+ 13. Kh1 Bd6 14. Nc3 Qh5
15. h3 Qe5 16. f4 Qf5 17. Kg1 Qg6 18. Rf2 Bc5 19. d4 cxd3 20. g4 Bxf2+ 21. Kxf2
Qxf6 22. Kg3 h5 0-1

[Event "VIII MIEDZYNARODOWY TURNIEJ SZACHOWY - GORA SW. ANNY - Open B"]
[Site "GORA SW. ANNY"]
[Date "1899-12-30"]
[Round "7.2"]
[White "Sudolski, Sylwester"]
[Black "Chylewski, Patryk"]
[Result "1-0"]
[WhiteTitle "II"]
[BlackTitle "I++"]
[WhiteElo "1863"]
[BlackElo "1994"]

1. c4 e5 2. Nc3 Nf6 3. g3 d5 4. cxd5 Nxd5 5. Bg2 Nb6 6. Nf3 Nc6 7. O-O Be7 8. d3
O-O 9. a3 Be6 10. Be3 Nd5 11. Nxd5 Bxd5 12. Rc1 Re8 13. Qa4 f6 14. Bc5 Bxc5 15.
Rxc5 Qd7 16. Nxe5 Rxe5 17. Rxd5 Rxd5 18. Qc4 Rd8 19. e4 Ne5 20. Qa2 Kh8 21. exd5
Nxd3 22. Qb3 Nc5 23. Qc4 Na4 24. Rc1 Rc8 25. Bh3 Qxh3 26. Qxa4 h6 27. Qxa7 Qf5
28. Qxb7 Rd8 29. Qxc7 Qxd5 30. b4 Kh7 31. b5 Re8 32. Qc6 Qxc6 33. Rxc6 Re1+ 34.
Kg2 Ra1 35. Ra6 Rb1 36. b6 Kg6 37. a4 Kf5 38. a5 Ke5 39. Ra7 g6 40. b7 Kd6 41.
a6 Kc7 42. Ra8 1-0

[Event "VIII MIEDZYNARODOWY TURNIEJ SZACHOWY - GORA SW. ANNY - Open B"]
[Site "GORA SW. ANNY"]
[Date "1899-12-30"]
[Round "7.3"]
[White "Jachym, Adam"]
[Black "Wielosz, Jaroslaw"]
[Result "1-0"]
[WhiteTitle "I"]
[BlackTitle "I"]
[WhiteElo "1965"]
[BlackElo "1939"]

1. e4 d6 2. d4 Nf6 3. Nc3 g6 4. f4 Bg7 5. Nf3 O-O 6. e5 Nfd7 7. Be3 c5 8. exd6
exd6 9. Qd2 Nc6 10. O-O-O Qa5 11. Kb1 Nf6 12. h3 a6 13. dxc5 dxc5 14. Nd5 Qxd2
15. Nxf6+ Bxf6 16. Rxd2 Be7 17. g3 Be6 18. Bg2 Rad8 19. Rhd1 Rxd2 20. Rxd2 f6
21. Ne1 Rc8 22. Nd3 b6 23. Nf2 f5 24. Nd1 Kf7 25. Nc3 h5 26. h4 Na5 27. b3 Nc6
28. Nd5 Bd8 29. Nxb6 Bxb6 30. Rd6 Rd8 31. Rxc6 Rd1+ 32. Kb2 Bd8 33. Bxc5 Bf6+
34. Ka3 Rd2 35. Rc7+ Kg8 36. Bb7 Rxc2 37. Bb6 Bb2+ 38. Kb4 Re2 39. Bxa6 Rg2 40.
Bc4 Bxc4 41. Rxc4 Rxg3 42. a4 Bf6 43. a5 Rg2 44. a6 Ra2 45. Kb5 Bxh4 46. Ra4 Re2
47. a7 Re8 48. a8=Q Rxa8 49. Rxa8+ Kf7 50. Kc4 Bg3 51. Be3 1-0

[Event "VIII MIEDZYNARODOWY TURNIEJ SZACHOWY - GORA SW. ANNY - Open B"]
[Site "GORA SW. ANNY"]
[Date "1899-12-30"]
[Round "7.4"]
[White "Czempiel, Henryk"]
[Black "Domanski, Lukasz"]
[Result "1-0"]
[WhiteTitle "I"]
[BlackTitle "I"]
[WhiteElo "1979"]
[BlackElo "1878"]

1. e4 e5 2. Nf3 d6 3. d4 exd4 4. Qxd4 Nf6 5. e5 dxe5 6. Qxd8+ Kxd8 7. Nxe5 Be6
8. Nc3 Nbd7 9. Nxd7 Nxd7 10. Bf4 Bb4 11. O-O-O Bxc3 12. bxc3 Kc8 13. Be2 Nf6 14.
Be5 Re8 15. Rhe1 a5 16. f4 a4 17. g4 Nxg4 18. Bxg7 Ne3 19. Bb5 Nxd1 20. Bxe8 Nf2
21. f5 Bxa2 22. Re2 Ng4 23. Bb5 c6 24. Re8+ Kc7 25. Rxa8 cxb5 26. Rh8 Nxh2 27.
Be5+ 1-0

[Event "VIII MIEDZYNARODOWY TURNIEJ SZACHOWY - GORA SW. ANNY - Open B"]
[Site "GORA SW. ANNY"]
[Date "1899-12-30"]
[Round "7.5"]
[White "Kokoszczynski, Jan"]
[Black "Bartoszewicz, Marcin"]
[Result "1-0"]
[WhiteTitle "I"]
[BlackTitle "I+"]
[WhiteElo "1765"]
[BlackElo "1968"]

1. e4 c5 2. Nf3 d6 3. Bb5+ Nc6 4. O-O a6 5. Bxc6+ bxc6 6. c3 Bg4 7. d4 cxd4 8.
cxd4 Nf6 9. Nc3 e6 10. Re1 Be7 11. Be3 O-O 12. h3 Bh5 13. Rc1 Qa5 14. Qd2 Bxf3
15. gxf3 Qh5 16. Kg2 Nd7 17. Ne2 f5 18. Ng3 Qg6 19. exf5 Rxf5 20. Rxc6 Nf6 21.
Kh2 Rb5 22. Bf4 Qe8 23. Qc2 Rxb2 24. Qxb2 Qxc6 25. Rxe6 Qxf3 26. Bxd6 Bxd6 27.
Rxd6 Ne4 28. Nxe4 Qxe4 29. Qb3+ Kh8 30. Qe3 Qb7 31. Re6 h6 32. Qe5 Kh7 33. Re7
Qb8 34. Rxg7+ Kh8 35. Rc7+ 1-0

[Event "VIII MIEDZYNARODOWY TURNIEJ SZACHOWY - GORA SW. ANNY - Open B"]
[Site "GORA SW. ANNY"]
[Date "1899-12-30"]
[Round "7.6"]
[White "Kulpinski, Piotr"]
[Black "Marchewka, Jakub"]
[Result "0-1"]
[WhiteTitle "I++"]
[BlackTitle "I"]
[WhiteElo "1948"]
[BlackElo "1848"]

1. d4 Nf6 2. Nf3 d5 3. c4 c6 4. Nc3 dxc4 5. e4 b5 6. e5 Nd5 7. a4 Qb6 8. Ng5 h6
9. Qh5 g6 10. Qh4 Bg7 11. Nge4 g5 12. Qh5 Qxd4 13. Be2 b4 14. Nxd5 cxd5 15. Ng3
Qxe5 16. O-O Nc6 17. Bf3 Nd4 18. Be3 Nc2 19. Rad1 Nxe3 20. fxe3 Be6 21. e4 d4
22. Nf5 Rd8 23. Bg4 Bf6 24. Nxd4 Rxd4 25. Bxe6 Qxe6 0-1

[Event "VIII MIEDZYNARODOWY TURNIEJ SZACHOWY - GORA SW. ANNY - Open B"]
[Site "GORA SW. ANNY"]
[Date "1899-12-30"]
[Round "7.7"]
[White "Pacan-milej, Kosma"]
[Black "Kalmuk, Krzysztof"]
[Result "0-1"]
[WhiteTitle "I"]
[BlackTitle "I+"]
[WhiteElo "1840"]
[BlackElo "1939"]

1. d4 Nf6 2. c4 g6 3. Nc3 Bg7 4. e4 d6 5. Be2 O-O 6. Nf3 e5 7. Be3 Nbd7 8. dxe5
dxe5 9. O-O c6 10. h3 Qe7 11. Qc2 Nh5 12. Rfe1 Nf4 13. Bf1 Ne6 14. Red1 f5 15.
exf5 gxf5 16. Rab1 c5 17. Qc1 Nd4 18. Ne1 Nf6 19. Bg5 Qf7 20. Nd3 Ne4 21. Bh6
b6 22. Bxg7 Qxg7 23. b4 Nxc3 0-1

[Event "VIII MIEDZYNARODOWY TURNIEJ SZACHOWY - GORA SW. ANNY - Open B"]
[Site "GORA SW. ANNY"]
[Date "1899-12-30"]
[Round "7.8"]
[White "Guca, Krzysztof"]
[Black "Oglaza, Oskar"]
[Result "1-0"]
[WhiteTitle "I"]
[BlackTitle "I"]
[WhiteElo "1820"]
[BlackElo "1792"]

1. Nf3 d5 2. c4 e6 3. g3 Nf6 4. b3 Be7 5. Bb2 O-O 6. Bg2 c5 7. O-O Nc6 8. e3 b6
9. Nc3 Bb7 10. cxd5 exd5 11. Ne2 Qc7 12. d4 Rad8 13. Rc1 Ne4 14. Nf4 Qd7 15. h4
f5 16. Ba3 Rfe8 17. dxc5 bxc5 18. Qd3 d4 19. Qc4+ Kh8 20. Rfd1 Bd6 21. Qb5 Nc3
22. Rxc3 dxc3 23. Qc4 Qe7 24. Nd5 Qf8 25. Qxc3 Ne7 26. Ng5 Nxd5 27. Rxd5 Bxd5
28. Bxd5 Re7 29. Ne6 Rxe6 30. Bxe6 Re8 31. Bd7 Re7 32. Bb5 Re4 33. Bd3 Re6 34.
Qc4 Rf6 35. Bb2 Rf7 36. Qd5 h6 37. Bc4 Rd7 38. Qe6 Be5 39. Bxe5 Rd1+ 40. Kh2 Kh7
41. h5 1-0

[Event "VIII MIEDZYNARODOWY TURNIEJ SZACHOWY - GORA SW. ANNY - Open B"]
[Site "GORA SW. ANNY"]
[Date "1899-12-30"]
[Round "7.9"]
[White "Trepkowski, Piotr"]
[Black "Tabola, Marcin"]
[Result "1/2-1/2"]
[WhiteTitle "I"]
[BlackTitle "I++"]
[WhiteElo "1772"]
[BlackElo "1986"]

1. e4 c5 2. c3 Nf6 3. e5 Nd5 4. d4 cxd4 5. Nf3 e6 6. cxd4 Nc6 7. Bc4 d6 8. O-O
Nb6 9. Bb5 Bd7 10. Nc3 Nb4 11. Bg5 Qb8 12. Bxd7+ Nxd7 13. d5 dxe5 14. dxe6 fxe6
15. Qb3 Kf7 16. Rfd1 Nb6 17. Rac1 Bd6 18. a3 Nc6 19. Ne4 Nd4 20. Nxd4 exd4 21.
Rxd4 Bxh2+ 22. Kh1 Be5 23. Rd3 Re8 24. Nc5 Kg8 25. Nxe6 Kh8 26. Rcd1 Bf6 27. Bf4
Qc8 28. Nc7 Qf5 29. Nxe8 Rxe8 30. Qf7 Qc8 31. Bc7 h6 32. Bxb6 axb6 33. Rd7 Rf8
34. Qb3 Qc5 35. Qb4 Qxb4 36. axb4 Bxb2 37. Rxb7 Rf6 38. g3 Bc3 39. Rb1 Rxf2 40.
Rxb6 Bb2 41. Rb8+ Kh7 42. Ra8 Be5 43. b5 Bxg3 44. b6 h5 45. b7 h4 46. b8=Q Bxb8
47. Rbxb8 h3 48. Rh8+ Kg6 49. Rxh3 Rd2 50. Rg3+ Kh7 51. Ra7 Kh8 52. Raxg7 Rh2+
1/2-1/2

[Event "VIII MIEDZYNARODOWY TURNIEJ SZACHOWY - GORA SW. ANNY - Open B"]
[Site "GORA SW. ANNY"]
[Date "1899-12-30"]
[Round "7.10"]
[White "Kozaczuk, Witold"]
[Black "Milanowski, Jan"]
[Result "1-0"]
[WhiteTitle "I"]
[BlackTitle "I++"]
[WhiteElo "1877"]
[BlackElo "1950"]

1. d4 Nf6 2. c4 d6 3. Nc3 c6 4. e4 e5 5. d5 Qc7 6. Bd3 Be7 7. Nge2 O-O 8. O-O a6
9. a4 a5 10. h3 Na6 11. Be3 Nc5 12. Bc2 Re8 13. Nc1 Bf8 14. Bg5 Ncd7 15. Nd3 h6
16. Be3 g6 17. Qd2 Kh7 18. f4 Bg7 19. fxe5 Nxe5 20. Nxe5 dxe5 21. Qf2 cxd5 22.
Nxd5 Nxd5 23. cxd5 Qc4 24. Ra3 Bd7 25. Bd3 Qc8 26. Rc3 Qd8 27. Bb6 Qg5 28. h4
Qg4 29. Bc2 Rac8 30. Rf3 f6 31. Re3 g5 32. hxg5 hxg5 33. Bxa5 Rh8 34. Bd1 Qf4
35. Qe1 Qh4 36. Qxh4+ gxh4 37. Rc3 Kg6 38. Rc7 Rxc7 39. Bxc7 f5 40. Bc2 f4 41.
Rf3 h3 42. gxh3 Bxh3 43. Rc3 Bg4 44. a5 f3 45. Ba4 Bf6 46. d6 Rh3 47. d7 Rg3+
48. Kf1 Bh3+ 49. Kf2 Rg2+ 50. Kxf3 Bh4 51. d8=Q Rg3+ 52. Ke2 Bg4+ 53. Kd2 Rg2+
54. Kc1 1-0

[Event "VIII MIEDZYNARODOWY TURNIEJ SZACHOWY - GORA SW. ANNY - Open B"]
[Site "GORA SW. ANNY"]
[Date "1899-12-30"]
[Round "7.11"]
[White "Garbowski, Jakub"]
[Black "Pytel, Maciej"]
[Result "1-0"]
[WhiteTitle "I+"]
[BlackTitle "I"]
[WhiteElo "1781"]
[BlackElo "1728"]

1. e4 c5 2. Nf3 e6 3. d4 cxd4 4. Nxd4 Nc6 5. Nc3 Qc7 6. g3 a6 7. Bg2 b5 8. O-O
Bb7 9. Re1 b4 10. Nd5 exd5 11. exd5+ Ne5 12. d6 Bxd6 13. Nf5 Bc5 14. Bxb7 Rb8
15. Bg2 g6 16. Nd4 d6 17. Nc6 Rb6 18. Nxe5 dxe5 19. c3 bxc3 20. bxc3 Ne7 21. Qa4+
Kd8 22. Be3 Bxe3 23. Rxe3 Nf5 24. Rd3+ Ke7 25. Rad1 Nd6 26. Qa5 Nc4 27. Rd7+ Kf6
28. Qd5 1-0

[Event "VIII MIEDZYNARODOWY TURNIEJ SZACHOWY - GORA SW. ANNY - Open B"]
[Site "GORA SW. ANNY"]
[Date "1899-12-30"]
[Round "7.12"]
[White "Maminski, Hubert"]
[Black "Jedrocha, Katarzyna"]
[Result "0-1"]
[WhiteTitle "II+"]
[BlackTitle "I++"]
[WhiteElo "1654"]
[BlackElo "1881"]

1. d4 f5 2. e4 fxe4 3. Nc3 Nf6 4. Bg5 Nc6 5. d5 Ne5 6. Qd4 Nf7 7. Bxf6 exf6 8.
Nxe4 Be7 9. Nf3 O-O 10. O-O-O f5 11. Nc3 Bf6 12. Qd2 c5 13. dxc6 bxc6 14. Kb1
d5 15. Na4 Nd6 16. Bd3 Rb8 17. c3 Qa5 18. Qc2 Bd7 19. c4 c5 20. Nd2 Bxa4 21. b3
Bd7 22. cxd5 Kh8 23. Nc4 Nxc4 24. Bxc4 Qb6 25. d6 a5 26. Rhe1 Rfe8 27. Qd3 Qb4
28. Rxe8+ Rxe8 0-1

[Event "VIII MIEDZYNARODOWY TURNIEJ SZACHOWY - GORA SW. ANNY - Open B"]
[Site "GORA SW. ANNY"]
[Date "1899-12-30"]
[Round "7.13"]
[White "Fus, Jakub"]
[Black "Golecki, Jan"]
[Result "1/2-1/2"]
[WhiteTitle "II"]
[BlackTitle "I"]
[WhiteElo "1641"]
[BlackElo "1798"]

1. d4 Nf6 2. c4 e6 3. g3 c5 4. d5 exd5 5. cxd5 d6 6. Nc3 a6 7. a4 b6 8. Bg2 g6
9. Nf3 Bg7 10. O-O O-O 11. h3 Re8 12. Nd2 Bb7 13. Nc4 Qc7 14. Bf4 Bf8 15. e4 Nbd7
16. g4 Rab8 17. Bg3 Ba8 18. Na3 Bg7 19. Qd3 Bb7 20. f4 h5 21. g5 Nh7 22. Kh1 Re7
23. Rae1 Rbe8 24. Kh2 Qb8 25. Re2 Bc8 26. Rfe1 Kh8 27. h4 Kg8 28. Bh3 Ndf8 29.
Bxc8 Qxc8 30. Nc4 Qb8 31. e5 dxe5 32. d6 Rd7 33. fxe5 Ne6 34. Nd5 b5 35. axb5
Qxb5 36. Nc3 Qb4 37. Nd5 Qb5 38. Nc3 Qb4 39. Nd5 Qb5 1/2-1/2

[Event "VIII MIEDZYNARODOWY TURNIEJ SZACHOWY - GORA SW. ANNY - Open B"]
[Site "GORA SW. ANNY"]
[Date "1899-12-30"]
[Round "7.14"]
[White "Kwiatkowska, Agnieszka"]
[Black "Muzacz, Bartlomiej"]
[Result "1-0"]
[WhiteTitle "I"]
[BlackTitle "II+"]
[WhiteElo "1556"]
[BlackElo "1791"]

1. e4 c5 2. Nc3 Nc6 3. g3 g6 4. Bg2 Bg7 5. d3 d6 6. Be3 e6 7. Qd2 Nge7 8. Bh6 Bxh6
9. Qxh6 Nd4 10. O-O-O Nec6 11. Nf3 Nxf3 12. Bxf3 Nd4 13. Bg2 Rb8 14. Qg7 Ke7 15.
e5 Rf8 16. exd6+ Kd7 17. Ne4 Nf5 18. Nxc5+ Ke8 19. Qc3 Nxd6 20. Rhe1 b6 21. Bc6+
Ke7 22. Ne4 f5 23. Ng5 Qc7 24. Qg7+ Rf7 25. Nxf7 Nxf7 26. Bd5 Qc5 27. Bxe6 Bxe6
28. Rxe6+ Kxe6 29. Re1+ Qe5 30. Qxf7+ Kxf7 31. Rxe5 Kf6 32. d4 h5 33. Kd2 h4 34.
c4 hxg3 35. hxg3 Rh8 36. b3 Rh2 37. Re2 Rh1 38. d5 Ra1 39. Kc3 a5 40. b4 axb4+
41. Kxb4 Rb1+ 42. Kc3 b5 43. c5 Rd1 44. d6 Kf7 45. Kb4 Rb1+ 46. Ka5 b4 47. Kb6
b3 48. axb3 Rxb3+ 49. Kc7 1-0

[Event "VIII MIEDZYNARODOWY TURNIEJ SZACHOWY - GORA SW. ANNY - Open B"]
[Site "GORA SW. ANNY"]
[Date "1899-12-30"]
[Round "7.15"]
[White "Karykowska, Anna"]
[Black "Korcz, Daniel"]
[Result "0-1"]
[WhiteTitle "I++"]
[BlackTitle "I+"]
[WhiteElo "1605"]
[BlackElo "1759"]

1. e4 e5 2. Nf3 Nc6 3. d4 exd4 4. Bc4 Nf6 5. e5 d5 6. Bb5 Ne4 7. Nxd4 Bd7 8. Bxc6
bxc6 9. O-O Bc5 10. f3 Ng5 11. Be3 Bb6 12. f4 Ne4 13. Nd2 c5 14. N4f3 Nxd2 15.
Qxd2 d4 16. Bf2 Bc6 17. Bh4 Qd5 18. f5 h6 19. Qf4 Qe4 20. Qg3 g5 21. fxg6 Qxg6
22. Qxg6 fxg6 23. Bf6 O-O 24. Nh4 Be4 25. Rac1 c4 26. Kh1 d3 27. cxd3 Bxd3 28.
Rf3 Kh7 29. b3 Be2 30. Rfc3 Bd4 31. R3c2 Bd3 32. Rd2 Rf7 33. Rxc4 Bxc4 34. Rxd4
Be6 35. h3 g5 36. Nf3 Rd7 37. Rxd7+ Bxd7 38. Kg1 c5 39. Kf2 Kg6 40. Ke3 Bc6 41.
Be7 Rc8 42. Bd6 Bxf3 43. Kxf3 Kf5 44. Ke3 c4 45. bxc4 Rxc4 46. a3 h5 47. Kf3 Rc3+
48. Kf2 a5 49. g3 a4 50. Kg2 Rd3 51. Kf2 Ke4 52. Kg2 Rd2+ 53. Kf1 Kf3 54. Ke1
Rd3 55. Bc5 Kxg3 56. e6 Rd5 57. e7 Re5+ 58. Kf1 Kxh3 59. Kf2 Kg4 60. Bb4 Kf5 0-1

[Event "VIII MIEDZYNARODOWY TURNIEJ SZACHOWY - GORA SW. ANNY - Open B"]
[Site "GORA SW. ANNY"]
[Date "1899-12-30"]
[Round "7.16"]
[White "Miszkielo, Bartosz"]
[Black "Rogacka, Natalia"]
[Result "0-1"]
[WhiteTitle "I"]
[BlackTitle "II+"]
[WhiteElo "1736"]
[BlackElo "1481"]

1. e4 e5 2. Nf3 Nf6 3. Nxe5 d6 4. Nf3 Nxe4 5. d4 d5 6. c4 Nc6 7. c5 Bg4 8. Be2
g6 9. h3 Bxf3 10. Bxf3 Bg7 11. Be3 O-O 12. Nc3 Re8 13. O-O b6 14. cxb6 axb6 15.
Rc1 Nxc3 16. Rxc3 Ne7 17. Rc1 Rxa2 18. Qb3 Ra7 19. Ra1 Rxa1 20. Rxa1 c6 21. Rc1
b5 22. Bg5 f6 23. Be3 Kh8 24. Qd3 Qd6 25. Qd2 f5 26. Bf4 Qd7 27. Qc3 Qa7 28. Be5
Rc8 29. Qe3 Qd7 30. Re1 Ng8 31. Bxg7+ Qxg7 32. Qe6 Rc7 33. Qd6 Qd7 34. Qe5+ Qg7
35. Qd6 Rc8 36. Qe6 Qf8 37. g4 fxg4 38. Bxg4 Rc7 39. Qe5+ Qg7 40. Qd6 h5 41. Bf3
Rf7 42. Re3 Qf6 43. Qg3 Qxd4 44. Re6 Rf6 45. Re3 Qxb2 46. Qb8 Qb1+ 47. Kg2 Qf5
48. Kg1 Re6 49. Rc3 Qxh3 0-1

[Event "VIII MIEDZYNARODOWY TURNIEJ SZACHOWY - GORA SW. ANNY - Open B"]
[Site "GORA SW. ANNY"]
[Date "1899-12-30"]
[Round "7.17"]
[White "Czaplewska, Klara"]
[Black "Karleszko, Karolina"]
[Result "1/2-1/2"]
[WhiteTitle "I++"]
[BlackTitle "I+"]
[WhiteElo "1720"]
[BlackElo "1578"]

1. e4 c5 2. Nf3 e6 3. d4 cxd4 4. Nxd4 a6 5. Bd3 Qc7 6. c4 Nf6 7. Nc3 Nc6 8. Be3
Bb4 9. O-O Ne5 10. Qe2 O-O 11. f4 Neg4 12. Kh1 Nxe3 13. Qxe3 Bc5 14. e5 Ng4 15.
Qh3 Nh6 16. Nf3 d5 17. Ng5 dxc4 18. Bxh7+ Kh8 19. Nce4 b5 20. Nxc5 Qxc5 21. Be4
Ra7 22. Rad1 Qc7 23. Rd2 Bb7 24. Rfd1 Bxe4 25. Nxe4 Qe7 26. Nd6 f5 27. a4 Rb8
28. Qa3 Kg8 29. h3 Qh4 30. axb5 Qxf4 31. bxa6 Qxe5 32. Nxc4 Qb5 33. Qe3 Rxa6 34.
Nd6 Qb3 35. Rd3 Qa2 36. b3 Kh7 37. Qxe6 Rab6 38. Rg3 Qa7 39. Qe5 Rxb3 40. Rxb3
Rxb3 41. Nxf5 Qb7 42. Rd5 Rb1+ 43. Kh2 Qb8 44. Qxb8 Rxb8 45. Ne3 Rb3 46. Nc4 Rc3
47. Nd2 Re3 1/2-1/2

[Event "VIII MIEDZYNARODOWY TURNIEJ SZACHOWY - GORA SW. ANNY - Open B"]
[Site "GORA SW. ANNY"]
[Date "1899-12-30"]
[Round "7.18"]
[White "Bogut, Maksymilian"]
[Black "Parol, Pola"]
[Result "0-1"]
[WhiteTitle "II"]
[BlackTitle "I++"]
[WhiteElo "1445"]
[BlackElo "1672"]

1. e4 c6 2. d4 d5 3. e5 c5 4. c3 Nc6 5. Nf3 Bg4 6. Be2 e6 7. Qb3 Qc7 8. Be3 Nge7
9. h3 Bh5 10. g4 Bg6 11. h4 h5 12. Ng5 cxd4 13. cxd4 hxg4 14. Bxg4 Nf5 15. Bxf5
Bxf5 16. Nc3 a6 17. f4 b5 18. Rc1 Qd7 19. Qd1 Nb4 20. Kf1 Rc8 21. Qd2 Nd3 22.
Rd1 Qc6 23. Kg2 Bb4 24. Rc1 Nxc1 25. Rxc1 Rxh4 26. Nxb5 Qxc1 27. Qxc1 Rxc1 28.
Nd6+ Bxd6 29. Bxc1 Rg4+ 30. Kf3 Bb4 31. a3 Be1 0-1

[Event "VIII MIEDZYNARODOWY TURNIEJ SZACHOWY - GORA SW. ANNY - Open B"]
[Site "GORA SW. ANNY"]
[Date "1899-12-30"]
[Round "7.19"]
[White "Pytel, Przemyslaw"]
[Black "Powalka, Michal"]
[Result "0-1"]
[WhiteTitle "II+"]
[BlackTitle "I++"]
[WhiteElo "1638"]
[BlackElo "1820"]

1. e4 e5 2. Nf3 Nc6 3. Bc4 Bc5 4. c3 Nf6 5. d3 d6 6. O-O a6 7. Bb3 Ba7 8. Be3 O-O
9. Nbd2 Be6 10. Bg5 h6 11. Be3 Nh5 12. d4 Bxb3 13. Qxb3 Qc8 14. Rfe1 Re8 15. Rad1
b5 16. dxe5 Bxe3 17. Rxe3 dxe5 18. Qd5 Re6 19. Nf1 Nf4 20. Qc5 Na5 21. b3 Nb7
22. Qa3 c5 23. c4 Rg6 24. Ng3 Re6 25. Qb2 Qc7 26. Ne2 Nxe2+ 27. Rxe2 Na5 28. Red2
bxc4 29. Rd7 Qb6 30. Nxe5 Rf8 31. R7d5 Qb5 32. Nd7 Rc8 33. Ne5 cxb3 34. Rd8+ Re8
35. R8d7 bxa2 36. Qxa2 c4 37. Nxf7 Rxe4 38. Qd2 Rce8 39. h3 Re2 40. Qd6 Qf5 41.
Qd4 R2e7 42. Rxe7 Rxe7 43. Nd6 Qe6 44. Qc5 Nb3 45. Qxc4 Qxc4 46. Nxc4 Rc7 47.
Ne3 a5 48. Nd5 Rc2 49. Nb6 Ra2 50. Rd3 Nc1 51. Rd1 Ne2+ 52. Kf1 Nc3 53. Rc1 Ne4
54. f3 Ng3+ 55. Ke1 Rxg2 56. Ra1 Rg1+ 0-1

[Event "VIII MIEDZYNARODOWY TURNIEJ SZACHOWY - GORA SW. ANNY - Open B"]
[Site "GORA SW. ANNY"]
[Date "1899-12-30"]
[Round "7.20"]
[White "Kotula, Magdalena"]
[Black "Marko, Piotr"]
[Result "0-1"]
[WhiteTitle "I+"]
[BlackTitle "II+"]
[WhiteElo "1594"]
[BlackElo "1704"]

1. e4 e5 2. Nf3 Nc6 3. Bb5 a6 4. Ba4 Nf6 5. d4 exd4 6. O-O Be7 7. Re1 b5 8. Bb3
d6 9. Bd5 Nxd5 10. exd5 Ne5 11. Nxe5 dxe5 12. Rxe5 O-O 13. c3 Bf6 14. cxd4 Bxe5
15. dxe5 Bb7 16. d6 Qe8 17. Bf4 cxd6 18. Qg4 f6 19. Bh6 Qg6 20. Qxg6 hxg6 21.
Be3 dxe5 22. Nc3 Rfd8 23. h3 Rac8 24. a3 Rc4 25. Rd1 Rxd1+ 26. Nxd1 Rc2 27. Kf1
Bd5 28. g3 0-1

[Event "VIII MIEDZYNARODOWY TURNIEJ SZACHOWY - GORA SW. ANNY - Open B"]
[Site "GORA SW. ANNY"]
[Date "1899-12-30"]
[Round "7.21"]
[White "Ochenduszko, Bartosz"]
[Black "Strzelecki, Maciej"]
[Result "1-0"]
[WhiteTitle "II"]
[BlackTitle "II+"]
[WhiteElo "1523"]
[BlackElo "1606"]

1. d4 d5 2. Nf3 Nf6 3. e3 e6 4. c4 Be7 5. Nc3 O-O 6. Qb3 b6 7. cxd5 exd5 8. Be2
c5 9. O-O c4 10. Qc2 Bb7 11. b3 cxb3 12. Qxb3 Nc6 13. Ba3 Rc8 14. Bxe7 Nxe7 15.
Rac1 Ne4 16. Nxe4 dxe4 17. Ne5 Bd5 18. Qa3 f6 19. Nc4 Qd7 20. Nd6 Rxc1 21. Rxc1
Rd8 22. Nb5 Nc6 23. Nc3 Kh8 24. Bb5 Rc8 25. Nxd5 Qxd5 26. Rxc6 Rxc6 27. Qf8+ Qg8
28. Qxg8+ Kxg8 29. Bxc6 1-0

[Event "VIII MIEDZYNARODOWY TURNIEJ SZACHOWY - GORA SW. ANNY - Open B"]
[Site "GORA SW. ANNY"]
[Date "1899-12-30"]
[Round "7.22"]
[White "Majocha, Piotr"]
[Black "Trusz, Julia"]
[Result "1/2-1/2"]
[WhiteTitle "II"]
[BlackTitle "I"]
[WhiteElo "1475"]
[BlackElo "1556"]

1. e4 c5 2. Nf3 d6 3. d4 cxd4 4. Nxd4 Nf6 5. Nc3 Nc6 6. Be2 e5 7. Nb3 Be7 8. Be3
Be6 9. O-O O-O 10. f3 d5 11. exd5 Nxd5 12. Nxd5 Bxd5 13. c3 Be6 14. Qc2 Qc7 15.
Bd3 h6 16. Rad1 Na5 17. Nxa5 Qxa5 18. a3 Bc5 19. Bxc5 Qxc5+ 20. Kh1 Qb6 21. Qe2
Bb3 22. Rde1 Rae8 23. Bc2 Bxc2 24. Qxc2 f6 25. h3 Rd8 26. Rd1 Rfe8 27. Rfe1 Qb5
28. Rd2 Qb6 29. Red1 Kh8 30. Rxd8 Rxd8 31. Rxd8+ Qxd8 32. Qb3 Qd7 33. Qb4 Qd5
34. c4 Qc6 35. Qc3 e4 36. fxe4 Qxe4 37. b4 Qe2 38. b5 Qf1+ 39. Kh2 Qf4+ 40. Kh1
Qf1+ 41. Kh2 Qf4+ 1/2-1/2

[Event "VIII MIEDZYNARODOWY TURNIEJ SZACHOWY - GORA SW. ANNY - Open B"]
[Site "GORA SW. ANNY"]
[Date "1899-12-30"]
[Round "7.23"]
[White "Musiala, Jakub"]
[Black "Charczenko, Dominik"]
[Result "1-0"]
[WhiteTitle "II"]
[BlackTitle "III"]
[WhiteElo "1536"]
[BlackElo "1444"]

1. e4 c5 2. Nc3 Nc6 3. Bb5 d6 4. Bxc6+ bxc6 5. f4 Nf6 6. Nf3 g6 7. d3 Bg7 8. O-O
O-O 9. Qe1 Bg4 10. h3 Bxf3 11. Rxf3 e6 12. g4 Qd7 13. Qf2 Rfe8 14. Qg2 Qe7 15.
Ne2 e5 16. f5 d5 17. Ng3 c4 18. g5 Nd7 19. f6 Qc5+ 20. Be3 d4 21. Bf2 Bh8 22.
Nf1 Rab8 23. b3 cxd3 24. cxd3 Qc3 25. Rd1 Qc2 26. Rd2 Qc1 27. Qg4 Nf8 28. h4 Ne6
29. Bg3 Qc5 30. Rh2 Rb7 31. Rhf2 Nd8 32. Kg2 Qd6 33. h5 Qc7 34. Nd2 c5 35. Nc4
Nc6 36. hxg6 fxg6 37. f7+ 1-0

[Event "VIII MIEDZYNARODOWY TURNIEJ SZACHOWY - GORA SW. ANNY - Open B"]
[Site "GORA SW. ANNY"]
[Date "1899-12-30"]
[Round "7.24"]
[White "Tkaczyk, Weronika"]
[Black "Szotkowski, David"]
[Result "1-0"]
[WhiteTitle "I"]
[BlackTitle "III"]
[WhiteElo "1464"]
[BlackElo "1527"]

1. e4 c5 2. Nf3 Nc6 3. d4 cxd4 4. Nxd4 g6 5. Nc3 Bg7 6. Be3 Nf6 7. Bc4 Qa5 8. O-O
d6 9. a3 Bd7 10. Nb3 Qd8 11. Nd4 O-O 12. Nxc6 Bxc6 13. f3 b6 14. Rb1 a6 15. a4
Nd7 16. Bd4 Ne5 17. Bd5 Rb8 18. Bxe5 Bxe5 19. Bxc6 e6 1-0

[Event "VIII MIEDZYNARODOWY TURNIEJ SZACHOWY - GORA SW. ANNY - Open B"]
[Site "GORA SW. ANNY"]
[Date "1899-12-30"]
[Round "8.1"]
[White "Smal, Tobiasz"]
[Black "Sudolski, Sylwester"]
[Result "1-0"]
[WhiteTitle "I++"]
[BlackTitle "II"]
[WhiteElo "1994"]
[BlackElo "1863"]

1. e4 e5 2. Nf3 Nf6 3. Nc3 Bb4 4. Bc4 d6 5. h3 O-O 6. d3 d5 7. exd5 Nxd5 8. Bd2
Nxc3 9. bxc3 Bd6 10. O-O Qf6 11. Re1 h6 12. Qe2 Nd7 13. d4 exd4 14. cxd4 Nb6 15.
Bd3 Bf5 16. c4 Bxd3 17. Qxd3 Bf4 18. Bxf4 Qxf4 19. Rab1 Rab8 20. Re7 Qd6 21. Rbe1
Nd7 22. Qf5 Nf6 23. Qa5 Qb6 24. Qxb6 cxb6 25. Ne5 b5 26. cxb5 Nd5 27. Rd7 Nb6
28. Rc7 Nd5 29. Rc2 Rbd8 30. a4 Rfe8 31. Kf1 Nf4 32. Rc4 Re7 33. Nd3 Ne6 34. Nf4
Red7 35. Nxe6 fxe6 36. Rxe6 Rxd4 37. Rxd4 Rxd4 38. Re7 Rxa4 39. Rxb7 Ra2 40. g3
Rb2 41. Kg2 Kh7 42. Kf3 Kg6 43. Ke3 h5 44. Kd4 Kf6 45. Kc5 g5 46. Rxa7 Rxf2 47.
b6 h4 48. gxh4 gxh4 49. b7 1-0

[Event "VIII MIEDZYNARODOWY TURNIEJ SZACHOWY - GORA SW. ANNY - Open B"]
[Site "GORA SW. ANNY"]
[Date "1899-12-30"]
[Round "8.2"]
[White "Krawiecki, Stanislaw"]
[Black "Jachym, Adam"]
[Result "1-0"]
[WhiteTitle "I"]
[BlackTitle "I"]
[WhiteElo "1814"]
[BlackElo "1965"]

1. e4 e5 2. Nf3 Nc6 3. Bc4 Nf6 4. Ng5 d5 5. exd5 Na5 6. Bb5+ c6 7. dxc6 bxc6 8.
Qf3 Rb8 9. Bd3 h6 10. Ne4 Nd5 11. b3 g6 12. Qg3 Bg7 13. Ba3 Nb4 14. O-O O-O 15.
Bxb4 Rxb4 16. c3 Rb7 17. b4 Rd7 18. Nc5 Rd5 19. Be4 Nb7 20. Nxb7 Bxb7 21. Bxd5
cxd5 22. Na3 Kh7 23. f4 exf4 24. Qxf4 d4 25. c4 d3 26. Rab1 Re8 27. Rbe1 Re2 28.
Rxe2 dxe2 29. Re1 Qd3 30. Nb5 g5 31. Qe3 Qxc4 32. Qxe2 Qc6 33. Kh1 a6 34. Nc3
f5 35. a4 Bf6 36. b5 axb5 37. axb5 Qc5 38. Qe3 Qc4 39. Qe6 Qh4 40. Qf7+ Bg7 41.
Qxf5+ 1-0

[Event "VIII MIEDZYNARODOWY TURNIEJ SZACHOWY - GORA SW. ANNY - Open B"]
[Site "GORA SW. ANNY"]
[Date "1899-12-30"]
[Round "8.3"]
[White "Kalmuk, Krzysztof"]
[Black "Czempiel, Henryk"]
[Result "1-0"]
[WhiteTitle "I+"]
[BlackTitle "I"]
[WhiteElo "1939"]
[BlackElo "1979"]

1. Nf3 Nf6 2. g3 g6 3. Bg2 Bg7 4. O-O O-O 5. c4 c5 6. Nc3 Nc6 7. d4 cxd4 8. Nxd4
Ng4 9. Nc2 d6 10. Bd2 Be6 11. b3 Qd7 12. Rc1 Nh6 13. Nd5 Bh3 14. Ncb4 Bxg2 15.
Kxg2 Nf5 16. Nd3 h5 17. e4 Nfd4 18. f4 f5 19. Nf2 Kh7 20. h3 e6 21. Nc3 fxe4 22.
Ncxe4 d5 23. Ng5+ Kg8 24. cxd5 Qxd5+ 25. Nfe4 Nf5 26. g4 Nd6 27. Rc5 Qd4 28. Qe2
Nxe4 29. Nxe4 hxg4 30. hxg4 Rad8 31. Rf3 Qb2 32. Rf2 Bd4 33. Qc4 Bxf2 34. Qxe6+
Rf7 35. Bc3 Bxc5+ 36. Bxb2 Bd4 37. Qxg6+ Kf8 38. Ba3+ 1-0